Online
Catalog

Cultura política de la democracia en República Dominicana y en las Américas, 2016/17 : (Record no. 53224)

MARC details
000 -CABECERA
campo de control de longitud fija 01357nam a2200325 i 4500
001 - NÚMERO DE CONTROL
campo de control 000047649
003 - IDENTIFICADOR DEL NÚMERO DE CONTROL
campo de control DO-SdBNP
005 - FECHA Y HORA DE LA ÚLTIMA TRANSACCIÓN
campo de control 20251104070203.0
008 - DATOS DE LONGITUD FIJA--INFORMACIÓN GENERAL
campo de control de longitud fija 120207s2017 dr 000 0 spa d
040 ## - FUENTE DE LA CATALOGACIÓN
Centro catalogador/agencia de origen DO-SdBNP
Lengua de catalogación spa
Centro/agencia transcriptor BNPHU
Normas de descripción rda
041 ## - CÓDIGO DE LENGUA
Código de lengua del texto/banda sonora o título independiente spa
082 #4 - NÚMERO DE LA CLASIFICACIÓN DECIMAL DEWEY
Número de clasificación 320.97293
Número de documento/Ítem E77c 2017
Número de edición 22
100 1# - ENTRADA PRINCIPAL--NOMBRE DE PERSONA
Nombre de persona Espinal, Rosario,
Término indicativo de función/relación autor
Código de función/relación aut.
9 (RLIN) 88771
245 10 - MENCIÓN DE TÍTULO
Título Cultura política de la democracia en República Dominicana y en las Américas, 2016/17 :
Resto del título un estudio comparado sobre democracia y gobernabilidad/
Mención de responsabilidad, etc. Rosario Espinal, Jana Morgan, María Fernanda Boidi, Elizabeth J. Zechmeister
264 #1 - PRODUCCIÓN, PUBLICACIÓN, DISTRIBUCIÓN, FABRICACIÓN Y COPYRIGHT
Producción, publicación, distribución, fabricación y copyright Santo Domingo :
Nombre del de productor, editor, distribuidor, fabricante USAID
-- Vanderbilt,
Fecha de producción, publicación, distribución, fabricación o copyright 2017.
300 ## - DESCRIPCIÓN FÍSICA
Extensión 2 volúmenes :
Otras características físicas ilustraciones, gráficos ;
Dimensiones 22 cm.
336 ## - TIPO DE CONTENIDO
Término de tipo de contenido texto
Código de tipo de contenido txt
Fuente rdacontent
337 ## - TIPO DE MEDIO
Nombre/término del tipo de medio sin mediación
Código del tipo de medio n
Fuente rdamedia
338 ## - TIPO DE SOPORTE
Nombre/término del tipo de soporte volumen
Fuente nc
Código del tipo de soporte rdacarrier
505 ## - NOTA DE CONTENIDO CON FORMATO
Nota de contenido con formato v.1--
Título Texto --
Información miscelánea v.2--
Título Resumen ejecutivo.
590 ## - NOTA LOCAL (RLIN)
Nota local Inventariado, 2023 / DG
650 #4 - PUNTO DE ACCESO ADICIONAL DE MATERIA--TÉRMINO DE MATERIA
Término de materia o nombre geográfico como elemento de entrada Cultura política
Subdivisión geográfica República Dominicana
9 (RLIN) 9464
650 #4 - PUNTO DE ACCESO ADICIONAL DE MATERIA--TÉRMINO DE MATERIA
Término de materia o nombre geográfico como elemento de entrada Democracia
Subdivisión geográfica República Dominicana
9 (RLIN) 6412
650 #4 - PUNTO DE ACCESO ADICIONAL DE MATERIA--TÉRMINO DE MATERIA
Término de materia o nombre geográfico como elemento de entrada Gobernabilidad
Subdivisión geográfica República Dominicana
9 (RLIN) 34644
700 1# - PUNTO DE ACCESO ADICIONAL--NOMBRE DE PERSONA
Nombre de persona Morgan, Jana,
Término indicativo de función/relación autor
Código de función/relación aut.
9 (RLIN) 54658
700 1# - PUNTO DE ACCESO ADICIONAL--NOMBRE DE PERSONA
Nombre de persona Boidi, María Fernanda
Término indicativo de función/relación autor
Código de función/relación aut.
9 (RLIN) 75260
700 1# - PUNTO DE ACCESO ADICIONAL--NOMBRE DE PERSONA
Nombre de persona Zechmeister, Elizabeth J.
Término indicativo de función/relación autor
Código de función/relación aut.
9 (RLIN) 75261
910 ## - DATOS DE OPCIÓN DEL USUARIO (OCLC)
Datos de opción del usuario DG/ Validado. Control de calidad MAA
942 ## - ELEMENTOS DE PUNTO DE ACCESO ADICIONAL (KOHA)
Fuente del sistema de clasificación o colocación Dewey Decimal Classification
Tipo de ítem Koha Libro
Holdings
Estado de retiro Estado de pérdida Fuente del sistema de clasificación o colocación Restricciones de uso No para préstamo Código de colección Localización permanente Ubicación/localización actual Ubicación en estantería Fecha de adquisición Fuente de adquisición Total de préstamos Signatura topográfica completa Código de barras Fecha visto por última vez Número de copia Precio válido a partir de Tipo de ítem Koha
    Dewey Decimal Classification Excluido de préstamo   Patrimonio Dominicano Biblioteca Nacional Pedro Henríquez Ureña Biblioteca Nacional Pedro Henríquez Ureña Depósito 16.10.2018 Depósito Legal   BNPHU PD 320.97293 E77c 2017 47649-10 25.06.2020 v.1 25.06.2020 Libro
    Dewey Decimal Classification Excluido de préstamo   Patrimonio Dominicano Biblioteca Nacional Pedro Henríquez Ureña Biblioteca Nacional Pedro Henríquez Ureña Depósito 16.10.2018 Depósito Legal   BNPHU PD 320.97293 E77c 2017 47649-20 25.06.2020 v.1, e. 2 25.06.2020 Libro
    Dewey Decimal Classification Préstamo en sala   Dominicana de Servicio Biblioteca Nacional Pedro Henríquez Ureña Biblioteca Nacional Pedro Henríquez Ureña Depósito 16.10.2018 Depósito Legal   BNPHU DS 320.97293 E77c 2017 47649-30 25.06.2020 v.1, e. 3 25.06.2020 Libro
    Dewey Decimal Classification Préstamo en sala   Dominicana de Servicio Biblioteca Nacional Pedro Henríquez Ureña Biblioteca Nacional Pedro Henríquez Ureña Depósito 13.07.2018 Depósito Legal   BNPHU DS 320.97293 E77c 2017 47649-40 25.06.2020 v.2 25.06.2020 Libro
    Dewey Decimal Classification Préstamo en sala   Dominicana de Servicio Biblioteca Nacional Pedro Henríquez Ureña Biblioteca Nacional Pedro Henríquez Ureña Depósito 13.07.2018 Donado por Víctor Hugo   BNPHU DS 320.97293 E77c 2017 2025-12344 25.06.2020 v.2, e. 4 25.06.2020 Libro
    Dewey Decimal Classification Excluido de préstamo   Patrimonio Dominicano Biblioteca Nacional Pedro Henríquez Ureña Biblioteca Nacional Pedro Henríquez Ureña Depósito 13.04.2023 Depósito Legal   BNPHU PD 320.97293 E77c 2017 2023-1342 13.04.2023 v.2, e.2 13.04.2023 Libro
    Dewey Decimal Classification Préstamo en sala   Dominicana de Servicio Biblioteca Nacional Pedro Henríquez Ureña Biblioteca Nacional Pedro Henríquez Ureña Depósito 31.08.2023 Depósito Legal   BNPHU DS 320.97293 E77c 2017 2023-5581 31.08.2023 v.2, e.3 31.08.2023 Libro

Powered by Koha